000 00747nam a22001817a 4500
003 UA-OsUOA
001 20118
007 ta
008 20041026b un ||||| |||| 00| 0 ukr d
100 _aМалихін В.
942 _cSA
040 _aUA-OsUOA
_cUA-OsUOA
_dUA-OsUOA
245 _a"Успішними чоловіків роблять жінки..."
_b[Про Рівнен. ДП "ПрикарпатЗахідтранс", яке займається транспортуванням нафтопродуктів, розповідає його дир. В.К. Малихін]
300 _aС.6-7
955 _a0
773 0 _w0
_tІмідж
_dРівне
_d2004
_g№13/верес./
650 7 _aКраєзнавча робота
_2UDC
999 _c306291
_d306291